000 00496cam a2200145 4500500
005 20251228090733.0
041 _afre
042 _adc
100 1 0 _aLabouret, Denis
_eauthor
245 0 0 _aPéguy poète tel qu’on l’ignore
260 _c2015.
500 _a12
786 0 _nBulletin de l’Amitié Charles Péguy | 152 | 4 | 2015-04-11 | p. 350-355 | 0180-8567
856 4 1 _uhttps://shs.cairn.info/revue-bulletin-de-lamitie-charles-peguy-2015-4-page-350?lang=fr&redirect-ssocas=7080
999 _c1602639
_d1602639